00358nam a2200109Ia 4500001000800000005001700008008004100025245005000066260002100116999002100137952009000158119772320250827021832.0250824s9999 xx 000 0 und d 0aYÜREĞİM SENİ ÇOK SEVDİcCANAN TAN bALTIN KİTAPLAR c1197723d1197723 00104070a1100b1100d2025-08-24l0p110010552r2026-04-29 12:26:33w2025-08-27yBK